| 000 | 00997nam a2200253 a 4500 | ||
|---|---|---|---|
| 005 | 20250109063813.0 | ||
| 008 | 991125s1995 mx 000 0 spa u | ||
| 020 | _a9682980925 | ||
| 035 | _aUPN01000026187 | ||
| 049 | _aF | ||
| 050 | 4 |
_aLC5309 U59 _bE3001-3 1994 GA |
|
| 100 | 1 |
_aMartínez Delgado, María Teresa _929158 |
|
| 245 | 1 | 3 |
_aLa gestión como quehacer escolar : _bguía del asesor / _cMaría Teresa Martínez Delgado, María Guadalupe Eugenia Chediac Oseguera, Concepción Reyna García ; coord. Xóchitl Leticia Moreno Fernández |
| 260 |
_aMéxico : _bUPN, _c1995 |
||
| 300 | _a41 p. | ||
| 500 | _aLicenciatura en educación plan 1994 | ||
| 650 | 4 |
_aEducación _xAdministración _9685 |
|
| 700 | 1 |
_aChediac Oseguera, María Guadalupe Eugenia, _ecoaut. _933007 |
|
| 700 | 2 |
_aReyna García, Concepción, _ecoaut. |
|
| 700 | 1 |
_aMoreno Fernández, Xóchitl Leticia, _ecoord. _929396 |
|
| 710 | 2 | _aUniversidad Pedagógica Nacional (México) | |
| 904 |
_aAC _b026188 |
||
| 905 | _aLibro | ||
| 999 |
_c26187 _d26187 |
||